Culture Générale - Série 354 - Statistiques

Statistiques générales
  • Ce quiz a été pris 239 fois
  • Le résultat moyen est 6 sur 10
Statistiques - réponses
Question Réponse % Correct
Quel nombre s'écrit XI en chiffres romains ? 11
98%
De qui Stéphane Bern est-il "Le Fou" selon son émission de radio ? Du roi
77%
En astronomie, que sont Aldébaran et Altaïr ? Des étoiles
74%
Quel Ewing Larry Hagman incarne-t-il dans la série "Dallas" ? . J.R
68%
Quelle ville d'Asie précède "mon amour" dans le titre d'un film d'Alain Resnais ? Hiroshima
62%
Qui trône au sommet de la colonne de Trafalgar Square, à Londres ? L'amiral Nelson
57%
Qui incarne le moine dans la version de "L'Auberge rouge" de 1951 ? Fernandel
38%
Sous quel nom connaît-on le patron de "L'Agence tous risques" ? Hannibal Smith
36%
Quel adjectif qualifie "Les Enfants" dans un roman de Jean Cocteau ? Terribles
36%
Quel boxeur devient champion du monde WBA des mi-mouche en décembre 2007 ? Brahim Asloum
16%
Aucun quiz correspondant
Distribution des résultats
% des personnes avec chaque résultat
Percentile par nombre de réponses
Votre historique - résultats
Vous n’avez pas pris ce quiz